000 00901nam a2200229Ii 4500
003 JO-AjNU
008 230605s9999||||xx |||||||||||||| ||und||
017 _a2018/7/3661
020 _a978-9923-15-014-6
040 _aJO-AjNU
_bara
_erda
_cJO-AjNU
041 _aara
050 1 4 _aKMM340.2 2020
100 3 _aالغنيمات، أمين إسحق,
_eauthor
_959202
245 0 0 _aالحماية الجنائية لحرمة المساكن: دراسة مقارنة
250 _aط1
264 3 1 _aعمان: الدار العلمية الدولية للنشر والتوزيع؛ دار الثقافة للنشر والتوزيع، 2020
300 _a280ص
_bيشتمل على مراجع ومصادر
336 _atext
_btxt
_2rdacontent
337 _aunmediated
_bn
_2rdamedia
338 _avolume
_bnc
_2rdacarrier
650 4 _aالمباني-القانون الجنائي-الشريعة
_959203
999 _aA26629
_c30197
_d30197